000
00212nam a22001097a 4500
100
_a
Nurberg, Maxwell
245
_a
All About Words
250
_a
2000
260
_b
Goyal Pub.
300
_a
416
942
_2
ddc
_c
BK
999
_c
11696
_d
11696